| 000 | 00593nam a2200205Ii 4500 | ||
|---|---|---|---|
| 001 | 5678 | ||
| 003 | CO-ViMGA | ||
| 008 | 241108s9999||||xx |||||||||||||| ||und|| | ||
| 040 |
_aCO-ViMGA _bspa _erda _cCO-ViMGA |
||
| 041 | 0 | _aunk | |
| 082 | 0 | 4 | _a843-L472 |
| 100 | 1 |
_aViolette Leduc _957233 |
|
| 245 | 1 | 0 | _a<La> asfixia |
| 264 | 1 | _a[Lugar de publicación no identificado] : Editorial Sudamericana, 1968 | |
| 300 | _avolumen | ||
| 336 |
_atext _btxt _2rdacontent |
||
| 337 |
_aunmediated _bn _2rdamedia |
||
| 338 |
_avolume _bnc _2rdacarrier |
||
| 940 | _aidficha_siabuc: 5532. -- ficha_no_siabuc:5678 | ||
| 999 |
_c55553 _d55553 |
||